000 00652nam a2200289Ia 4500
005 20260401122416.0
008 008 250103s9999 xx 000 0 eng d
020 _a978-1-84467-762-7
037 _aTB
040 _aEDL
040 _beng
040 _cEDL
041 _2eng
041 _aeng
084 _a355.02 GRA
084 _qEDL
100 _aGraham, Stephen
_91107811
245 0 _aCities Under Siege: New Millitary Urbanism
245 0 _cGraham, Stephen
260 _aNewyork
260 _bVerso
260 _c2011
942 _cTB
942 _h355.02 GRA
999 _c1847082
_d1847082